Parties, Politics, and the Sectional Conflict in Tennessee, 1832-1861 (Record no. 8321)

MARC details
000 -LEADER
fixed length control field 00574nam a2200121Ia 4500
008 - FIXED-LENGTH DATA ELEMENTS--GENERAL INFORMATION
fixed length control field 220615s9999||||xx |||||||||||||| ||und||
100 ## - MAIN ENTRY--PERSONAL NAME
Personal name Jonathan M. Atkins
245 #0 - TITLE STATEMENT
Title Parties, Politics, and the Sectional Conflict in Tennessee, 1832-1861
546 ## - LANGUAGE NOTE
Language note English[eng]
650 ## - SUBJECT ADDED ENTRY--TOPICAL TERM
Topical term or geographic name entry element Sectionalism (United States)||Tennessee--Politics and government--To 1865||Political culture--Tennessee--History--19th century||Political parties--Tennessee--History--19th century
856 ## - ELECTRONIC LOCATION AND ACCESS
Uniform Resource Identifier <a href="http://trace.tennessee.edu/cgi/viewcontent.cgi?article=1012&context=utk_early-american">http://trace.tennessee.edu/cgi/viewcontent.cgi?article=1012&context=utk_early-american</a>
942 ## - ADDED ENTRY ELEMENTS (KOHA)
Koha item type E-Books
Holdings
Withdrawn status Lost status Damaged status Not for loan Home library Current library Date acquired Total Checkouts Date last seen Price effective from Koha item type
        Kerala University of Digital Sciences, Innovation and Technology Knowledge Centre Kerala University of Digital Sciences, Innovation and Technology Knowledge Centre 15/06/2022   15/06/2022 15/06/2022 E-Books